Biblioteka Instytutu Północnego w Olsztynie

Księga mojego domu / (Rekord nr 26344)

Szczegóły MARC
000 -Nagłówek
fixed length control field 01648cam a2200445 i 4500
001 - Nr kontrolny bibl., która utworzyła rek.
control field xx001431185
003 - Siglum bibl., której nr kontr. jest w 001
control field NUKAT
005 - Data i czas ostatniej operacji
control field 20260122112839.0
008 - Elementy pola stałej długości
fixed length control field 091006s1979 pl a |000 0apol c
020 ## - ISBN
ISBN 8370020100
dopowiedzenie (oprawa miękka)
035 ## - Systemowy numer kontrolny
systemowy numer kontrolny (OCoLC)750593179
035 ## - Systemowy numer kontrolny
systemowy numer kontrolny (NUKAT)xx001431185
040 ## - Instytucja sporządzająca opis
Instytucja, która sporządziła opis LUBL M/IK
język katalgowania-trzyzn. kod pol
zasady opisu rda
Instytucja, która sporządziła rekord LUBL M/IKs
Instytucja, która zmodyfikowała rekord LUBL M/JD
-- OLSZT 008/bak
045 2# - Okres czasu dla zawartości
czas między r. 9999 pne a nasz. czas. d1918
-- d1978
046 ## - Kod rodz. daty, data1, data2 (daty pne)
Begin/single date 1978
100 1# - Hasło główne-nazwa osobowa
Nazwa osobowa Turkowski, Leonard
Daty biograficzne (1914-1985).
rodzaj współpracy Autor
9 (RLIN) 31033
245 10 - Tytuł właściwy i oznaczenie odpow.
tytuł Księga mojego domu /
dod. inf. ze s. tyt./ozn. odpow. Leonard Turkowski.
250 ## - Oznaczenie wydania
oznaczenie wydania Wydanie I.
260 ## - Adres wydawniczy
miejsce wydania, dystrybucji itp. Olsztyn :
nazwa wydawcy, dystrybutora itp. Wydawnictwo Pojezierze,
data wydania, dystrybucji itp. 1979.
300 ## - Opis fizyczny
objętość i/lub forma materiału 386, [2] strony :
inne szczegóły opisu fizycznego ilustracje ;
format 20 cm.
336 ## - Content Type
Term Tekst
Code txt
Source rdacontent
337 ## - Media Type
Term Bez urządzenia pośredniczącego
Code n
Source rdamedia
338 ## - Carrier Type
Term Wolumin
Code nc
Source rdacarrier
380 ## - Form of work
Form of work Książki
380 ## - Form of work
Form of work Literatura faktu, eseje, publicystyka
386 ## - Creator/Contributor Characteristics
Demographic group term Przynależność kulturowa
Creator/contributor term Literatura polska
388 1# - TIME PERIOD OF CREATION
Time period of creation term 1901-2000
388 1# - TIME PERIOD OF CREATION
Time period of creation term 1945-1989
500 ## - Uwaga ogólna
uwaga ogólna Stanowi 1 część trylogii wspomnień autora; cz. 2 pt. Księga mojego miasta, cz. 3 pt. Księga Warmii i Mazur.
600 17 - Hasło przedmiotowe-nazwa osobowa
nazwa osobowa Turkowski, Leonard
daty biograficzne (1914-1985)
określnik formy biografie.
źródło hasła kaba
9 (RLIN) 31033
600 17 - Hasło przedmiotowe-nazwa osobowa
nazwa osobowa Turkowski, Leonard
daty biograficzne (1914-1985)
źródło hasła DBN
9 (RLIN) 31033
648 #7 - SUBJECT ADDED ENTRY--CHRONOLOGICAL TERM
Chronological term 1918-1939
Source of heading or term DBN
648 #7 - SUBJECT ADDED ENTRY--CHRONOLOGICAL TERM
Chronological term 1939-1945
Source of heading or term DBN
648 #7 - SUBJECT ADDED ENTRY--CHRONOLOGICAL TERM
Chronological term 1945-1989
Source of heading or term DBN
648 #7 - SUBJECT ADDED ENTRY--CHRONOLOGICAL TERM
Chronological term 1901-2000
Source of heading or term DBN
9 (RLIN) 34996
655 #7 - Termin określający rodzaj/formę
rodzaj/forma Pamiętniki i wspomnienia
źródło terminu DBN
9 (RLIN) 35005
710 2# - Hasło dodatkowe - nazwa ciała zbior.
nazwa ciała zbior. lub nazwa geogr. Stowarzyszenie Społeczno-Kulturalne "Pojezierze" (Olsztyn).
nazwa jednostki podrzędnej Wydawnictwo.
rodzaj współpracy Wydawca
kod rodzaju współpracy pbl
9 (RLIN) 11709
920 ## - ISBN
ISBN 83-7002-010-0 (oprawa miękka)
942 ## - ADDED ENTRY ELEMENTS (KOHA)
Source of classification or shelving scheme Dewey Decimal Classification
Koha item type pozycje dostępne na miejscu
Egzemplarze
Status wycofania Status zagubienia Klasyfikacja Status uszkodzenia Blokada wypożyczeń Kolekcja Lokalizacja macierzysta Lokalizacja bieżąca Data nabycia Numer akcesji Źródło akcesji Cena Nr inwentarzowy il. wypożyczeń Sygnatura Kod kreskowy Date last seen Price effective from Typ egz.
    Dewey Decimal Classification nieuszkodzona   książka w magazynie Biblioteka Instytutu Północnego w Olsztynie Biblioteka Instytutu Północnego w Olsztynie 21/11/2025 D-97/2025 dar 5.00 73619   73619 IPWK21179 22/01/2026 22/01/2026 pozycje dostępne na miejscu
Biblioteka Instytutu Północnego, ul. Partyzantów 87, 10-402 Olsztyn, email: biblioteka(at)ip.olsztyn.pl